Music Quiz

Random Music or Song Quiz

Rammstein Songs Gesicht Quiz Stats

 Plays Quiz not verified by Sporcle

Score 0/17 Timer 07:00
0 Plays Today
% Correct
Sonne
78.9%
Ich Tu Dir Weh
62.9%
Feuer Frei!
60.4%
Buck Dich
57.8%
Haifisch
51.1%
Mann Gegen Mann
49.5%
Morgenstern
48.6%
Seemann
42.8%
Mein Land
37.7%
% Correct
Asche Zu Asche
37.7%
Fruhling In Paris
32.9%
Heirate Mich
31.3%
Roter Sand
29.1%
Hilf Mir
29.1%
Eifersucht
27.2%
B********
22.4%
Kuss Mich (Fellfrosch)
10.9%

You're not logged in!

Compare scores with friends on all Sporcle quizzes.
OR
Log In

Sporcle TV

Today on Sporcle TV


Watch our educational content, quiz creation guides, and fun videos on Sporcle TV.

Show Comments

Extras

Created Feb 19, 2012SourceReportNominate
Tags:Song Quiz, rammstein

Top Quizzes Today


Score Distribution

Your Account Isn't Verified!

In order to create a playlist on Sporcle, you need to verify the email address you used during registration. Go to your Sporcle Settings to finish the process.

Report this User

Report this user for behavior that violates our Community Guidelines.

Details: